| 000 | 00470nam a2200157Ia 4500 | ||
|---|---|---|---|
| 008 | 140609s9999 xx 000 0 und d | ||
| 020 | _a971086758X | ||
| 050 |
_aQC 23 _b.D615 2007 |
||
| 100 | _aDitan, Carolina Desamero. | ||
| 245 |
_aElements of physical science / _cCarolina Desamero Ditan |
||
| 260 |
_aMandaluyong City, Philippines : _bNational Book Store, _cc2007. |
||
| 300 |
_a284 p. : _bill. ; _c23 cm. |
||
| 521 | _aGE | ||
| 942 |
_kLOC _cBK |
||
| 999 |
_c118020 _d118020 |
||